000 00422nam a2200169Ia 4500
008 220531s9999 xx 000 0 und d
041 _amar
100 _aआचार्य नयना
_943057
245 _aभुलभुल्‍या
250 _a1ST
260 _bGeeta
_c1999
300 _a124
542 _d26-06-2001
650 _aMarathi
_943058
906 _d2001-2002
_f7981
999 _c25621
_d25621